Mensajero del corazón de Jesús. Organo del apostolado de la oración de la guardia de honor del sagrado corazón de Jesús

Detalles Bibliográficos
Formato: Libro
Publicado: México 1890
Materias:
Colección:Banco de datos
Acervo:Biblioteca del Ex Convento de Nuestra Señora de Guadalupe. Zacatecas
Descripción Física:t. VII
Tema general:Revistas
Notas:Buena. XIV,1,8 (4672). Encuadernado con el tomo VI
LEADER 00763nam a22001930004500
035 |a 46171 
036 |a 7355 
245 1 0 |a Mensajero del corazón de Jesús. Organo del apostolado de la oración de la guardia de honor del sagrado corazón de Jesús 
260 |a México  |b imp. Sagrado Corazón de Jesús  |c 1890 
300 |a t. VII 
500 |a Buena. XIV,1,8 (4672). Encuadernado con el tomo VI 
650 1 0 |a Revistas 
949 |a CRZ-CG 
959 |a Ex convento de Nuestra Señora de Guadalupe, Museo Regional de Zacatecas, Zacatecas  |b CCC4 
960 |a Convento de Nuestra Señora de Guadalupe, Zacatecas  |b DD87 
961 |a Franciscana  |b OF 
942 |c CRZ-CG 
943 |g Biblioteca del Ex Convento de Nuestra Señora de Guadalupe. Zacatecas 
999 |c 970298  |d 970298